<?xml version="1.0" encoding="UTF-8"?>
<collection xmlns="http://www.loc.gov/MARC21/slim">
 <record>
  <leader>01329nam a2200169Ia 4500</leader>
  <controlfield tag="001">CTU_1356</controlfield>
  <controlfield tag="008">210402s9999    xx            000 0 und d</controlfield>
  <datafield tag="100" ind1=" " ind2=" ">
   <subfield code="a">Phan, Văn Hạp</subfield>
  </datafield>
  <datafield tag="245" ind1=" " ind2="0">
   <subfield code="a">Phương trình tích phân và cách giải gần đúng</subfield>
  </datafield>
  <datafield tag="245" ind1=" " ind2="0">
   <subfield code="c">Phan Văn Hạp</subfield>
  </datafield>
  <datafield tag="260" ind1=" " ind2=" ">
   <subfield code="a">Hà Nội</subfield>
  </datafield>
  <datafield tag="260" ind1=" " ind2=" ">
   <subfield code="b">ĐHTHCN</subfield>
  </datafield>
  <datafield tag="260" ind1=" " ind2=" ">
   <subfield code="c">1974</subfield>
  </datafield>
  <datafield tag="520" ind1=" " ind2=" ">
   <subfield code="a">Phương trình tích phân và cách giải gần đúng,Sách gồm 4 chương. Chương 1 giành cho việc khảo sát phương trình tích phân Fredhom loại 2. Chương 2 nêu lí thuyết bài toán bờ và phương trình tích phân kì dị nhân Cosi cùng với các cách giải gần đúng. Chương 3 đề cập đến một số loại phương trình kì dị thường gặp và các cách giải gần đúng. Chương 4 xét việc giải bài toán nhiễu xạ của sóng trong các môi trường đàn hồi. Cuối cùng, trong phần phụ lục, trình bày sơ bộ một phương pháp để giải các phương trình không tuyến tính</subfield>
  </datafield>
  <datafield tag="650" ind1=" " ind2=" ">
   <subfield code="x">Economic policy</subfield>
  </datafield>
  <datafield tag="904" ind1=" " ind2=" ">
   <subfield code="a">Phương trình vi phân,Phương trình vi phân</subfield>
  </datafield>
  <datafield tag="980" ind1=" " ind2=" ">
   <subfield code="a">Trung tâm Học liệu Trường Đại học Cần Thơ</subfield>
  </datafield>
 </record>
</collection>
